000 00332nam a2200133Ia 4500
008 150201s2009 xx 000 0 und d
082 _a618.92
_bR10B
100 _aBHAVE,SWATI,Y
245 2 _aA READY RECKONER FOR VACCINATIONS
250 _a3RD
260 _bJAYPEE BROTHERS
_aDELHI
_c2009
650 _aPAEDIATRICS
942 _2ddc
_cBK
999 _c1034
_d1034